Fr. Conceicao Rodrigues College of Engineering

The Home computer book (Record no. 31906)

MARC details
000 -LEADER
fixed length control field 00290nam a2200133Ia 4500
082 ## - DEWEY DECIMAL CLASSIFICATION NUMBER
Classification number 1.6404
Item number BRA
100 ## - MAIN ENTRY--PERSONAL NAME
Personal name Bradbeer/Robin
245 ## - TITLE STATEMENT
Title The Home computer book
260 ## - PUBLICATION, DISTRIBUTION, ETC.
Name of publisher, distributor, etc. Gerald Duckworth
Place of publication, distribution, etc. London
Date of publication, distribution, etc. 1984
300 ## - PHYSICAL DESCRIPTION
Extent 196
546 ## - LANGUAGE NOTE
Language note ENGLISH
654 ## - SUBJECT ADDED ENTRY--FACETED TOPICAL TERMS
Focus term computer
942 ## - ADDED ENTRY ELEMENTS (KOHA)
Koha item type BOOK
Holdings
Withdrawn status Lost status Damaged status Not for loan Collection Home library Current library Shelving location Date acquired Total Checkouts Full call number Barcode Date last seen Price effective from Koha item type
        CRC Fr. Agnel's C.Rodrigues College of Engineering Fr. Agnel's C.Rodrigues College of Engineering   17/03/2023   1.6404 BRA 2157 17/03/2023 17/03/2023 BOOK